Econometrics of Health Care /

Bibliographic Details
Main Author: Duru, G.
Corporate Author: SpringerLink (Online service)
Other Authors: Paelinck, J. H. P.
Format: eBook
Language:English
Published: Dordrecht : Springer Netherlands, 1990.
Series:Advanced studies in theoretical and applied econometrics ; 20.
Subjects:
Online Access:Connect to the full text of this electronic book

MARC

Tag First Indicator Second Indicator Subfields
LEADER 00000cam a2200000Mi 4500
001 in00003557513
006 m o d
007 cr mnu---uuaaa
008 121227s1990 ne o 000 0 eng
005 20260420212654.8
020 |a 9789400920514 (electronic bk.) 
020 |a 9400920512 (electronic bk.) 
020 |z 9789401074209 
020 |z 9401074208 
035 |a (OCoLC)851381169 
040 |a AU@  |b eng  |c AU@  |d OCLCQ  |d GW5XE  |d OCLCF  |d UtOrBLW 
049 |a TXAM 
050 4 |a HB139-141 
072 7 |a KCH  |2 bicssc 
072 7 |a BUS021000  |2 bisacsh 
082 0 4 |a 330.015195  |2 23 
100 1 |a Duru, G. 
245 1 0 |a Econometrics of Health Care /  |c edited by G. Duru, J.H.P. Paelinck. 
264 1 |a Dordrecht :  |b Springer Netherlands,  |c 1990. 
300 |a 1 online resource (264 pages) 
336 |a text  |b txt  |2 rdacontent 
337 |a computer  |b c  |2 rdamedia 
338 |a online resource  |b cr  |2 rdacarrier 
490 1 |a Advanced studies in theoretical and applied econometrics,  |x 1570-5811 ;  |v 20 
500 |a Electronic resource. 
650 0 |a Economics. 
650 0 |a Statistics. 
650 0 |a Econometrics. 
650 0 |a Finance. 
650 7 |a Econometrics.  |2 fast  |0 (OCoLC)fst00901574 
650 7 |a Economics.  |2 fast  |0 (OCoLC)fst00902116 
650 7 |a Finance.  |2 fast  |0 (OCoLC)fst00924349 
650 7 |a Statistics.  |2 fast  |0 (OCoLC)fst01132103 
655 7 |a Electronic books.  |2 local 
700 1 |a Paelinck, J. H. P. 
710 2 |a SpringerLink (Online service) 
776 1 8 |i Print version:  |z 9789401074209 
830 0 |a Advanced studies in theoretical and applied econometrics ;  |v 20. 
856 4 0 |u http://proxy.library.tamu.edu/login?url=https://link.springer.com/10.1007/978-94-009-2051-4  |z Connect to the full text of this electronic book  |t 0 
994 |a 92  |b TXA 
999 |a MARS 
999 f f |s ff2e7a83-bb12-3a1e-b814-e8f196102b3d  |i 5a1a315e-c413-3bad-86b2-6b7a5c277980  |t 0 
952 f f |a Texas A&M University  |b College Station  |c Electronic Resources  |s www_evans  |d Available Online  |t 0  |e HB139-141  |h Library of Congress classification 
998 f f |a HB139-141  |t 0  |l Available Online